Panamá: la crisis política y agresión económica /
La agresión de Estados Unidos tuvo efectos devastadores en áreas sumamente importantes, liquidó el plan de desarrollo vinculado al capital extranjero, le asestó un duro golpe a la economía y destruyó el ya resquebrajado pacto político entre las burguesías nacionales y financieras y aisló al país de...
Na minha lista:
| Autor principal: | |
|---|---|
| Formato: | Texto |
| Idioma: | Spanish |
| Assuntos: | |
| Tags: |
Adicionar Tag
Sem tags, seja o primeiro a adicionar uma tag!
|
MARC
| LEADER | 00000 a a2200000 04500 | ||
|---|---|---|---|
| 001 | 12108 | ||
| 003 | cru IIS | ||
| 005 | 20220913133849.0 | ||
| 008 | 220913b |||||||| |||| 00| 0 spa d | ||
| 040 | |c cru IIS | ||
| 100 | |a Gandásegui H, Marco A. | ||
| 245 | |a Panamá: |b la crisis política y agresión económica / |c Marco A. Gandásegui H | ||
| 520 | |a La agresión de Estados Unidos tuvo efectos devastadores en áreas sumamente importantes, liquidó el plan de desarrollo vinculado al capital extranjero, le asestó un duro golpe a la economía y destruyó el ya resquebrajado pacto político entre las burguesías nacionales y financieras y aisló al país de sus aliados naturales, además todo esto provocó una ruptura en la clase dirigente y ayudó a profundizar aún más el esceptisismo existente en los sectores populares. El artículo enfoca a los sectores sociales más afectados, las posibles salidas o posibles alternativas, se analizan aspectos de la sociedad panameña como la salud, las fuerzas armadas, así como la crisis que vive la alianza entre la clase dirigente panameña y los Estados Unidos, las sanciones económicas, las principales consecuencias de estas sanciones. OB/JM | ||
| 650 | |a INTERVENCION EXTRANJERA | ||
| 650 | |a RECESION ECONOMICA | ||
| 650 | |a IMPERIALISMO | ||
| 650 | |a CAPITALES EXTRANJEROS | ||
| 650 | |a FUERZAS ARMADAS | ||
| 650 | |a ALIANZAS | ||
| 650 | |a CLASE DIRIGENTE | ||
| 650 | |a SALUD | ||
| 773 | |g número 58; páginas 28-32 | ||
| 773 | 0 | |0 43109 |9 4569 |a Coodinadora Regional de Investigaciones Económicas y Sociales |d Managua, Nicaragua: CRIES, 1982- |o 22339 |t Pensamiento Propio / | |
| 942 | |2 ddc |c PP | ||
| 999 | |c 37286 |d 37286 | ||
